000 00691cam a2200217 4500
001 WB3615-11
008 000000n2000 000 0 eng u
035 _a(Sirsi) u105298
245 _aHomebuyer loses jet noise case
260 _c2000
490 _aDaily Telegraph
_v 7 April 2000, 5
490 _aGuardian
_vMoney 15 April 2000, 19(2)
520 _aReports on the Court of Appeal ruling that aircraft noise overhead a businessman's garden was an issue over which he could not sue.
590 _aWB
650 _aNOISE POLLUTION
650 _aAIRCRAFT NOISE
650 _aNEGLIGENCE CLAIMS
650 _aFARLEY SURVEYORS
690 _aENVIRONMENT-CONTAMINATION
942 _n0
999 _c63134
_d63134